000 00726nam a2200253Ia 4500
003 OSt
005 20220926004244.0
006 a|||||r|||| 00| 0
007 ta
008 220923b |||||||| |||| 00| 0 eng d
020 _a8170271029
037 _cGeneral Book
040 _aRTL
_cRTL
_beng
041 _2eng
_aeng
082 _aX:533.1(X).N8, M7
100 _aAgrawal Govind R.
_9308655
245 0 _aSouth-south economc cooperation
_b Problems and pro
260 _a New Delhi
_bRadiant
_c1987
300 _axii, 263p. Bib chapterwise
_ccm.
650 _a Free Trade
650 _aEconomics
942 _hX:533.1(X).N8, M7
_cGB
_2CC
999 _c610394
_d610394